000 00238nam a2200097Ia 4500
008 240331s9999 xx 000 0 und d
082 _bLIY
100 _aLiyanage,H
245 0 _aVanga jathika Sarathchamdra vattopadya ge parwathi
942 _cL
999 _c4801
_d4801